000 00686nam a2200289Ia 4500
005 20260324133509.0
008 008 260324s9999 xx 000 0 eng d
020 _a9780429211867
037 _aEBOOK
040 _aCRL
040 _beng
040 _cCRL
041 _2eng
041 _aeng
084 _qCRL
100 _aP. N. Ravindran; K Nirmal-Babu; M Shylaja
_91193326
245 0 _aCinnamon and Cassia
245 4 _bThe Genus Cinnamomum
260 _bTaylor and Francis
260 _c2003
365 _a
365 _b385
856 _uhttp://www.taylorfrancis.com/books/9780429211867
942 _cEBOOK
999 _c1792401
_d1792401